[Event "Let's Play Chess!"]
[Site "http://www.queenalice.com/game.php?id=1158916"]
[Date "2013.3.7"]
[Round "-"]
[White "Lui87"]
[Black "GiulioTorino"]
[Result "1-0"]
[WhiteElo "1845"]
[BlackElo "1712"]

1. d4 d5 2. c4 e5 3. dxe5 f6 4. cxd5 fxe5 5. Nc3 Nf6 6. Nf3 e4 7. Nxe4 Nxe4 8.
Qa4+ Bd7 9. Qxe4+ Qe7 10. Qxe7+ Bxe7 11. e4 c6 12. Bc4 b5 13. Bb3 Bg4 14. Ne5
Bh5 15. dxc6 Bd6 16. Bd5 Bxe5 17. c7 Na6 18. Bxa8 Nxc7 19. Bc6+ Ke7 20. f4 Bd4
21. Bd2 Rf8 22. Bb4+ Kf7 23. Bxf8 Kxf8 24. Kd2 Bxb2 25. Rab1 Bd4 26. Bxb5 Bf7
27. Be2 g6 28. Rhc1 Ne6 29. Rc8+ Kg7 30. Rb7 Nc5 31. Rxc5 Kf6 32. Bc4 1-0

[Event "Let's Play Chess!"]
[Site "http://www.queenalice.com/game.php?id=1158917"]
[Date "2013.3.7"]
[Round "-"]
[White "Lui87"]
[Black "MarKo85"]
[Result "1-0"]
[WhiteElo "1856"]
[BlackElo "1573"]

1. c4 e5 2. Nc3 Nc6 3. Nf3 d6 4. g3 g6 5. d4 Bg7 6. dxe5 dxe5 7. Bg2 Qxd1+ 8.
Nxd1 Nge7 9. e4 O-O 10. Ne3 f5 11. O-O fxe4 12. Ng5 Bf5 13. b3 Nd4 14. Ba3 Nc2
15. Nxc2 Bh6 16. Nxe4 Rae8 17. Rad1 b6 18. Ne3 c5 19. Nd6 Rd8 20. Nd5 Nxd5 21.
Bxd5+ Kg7 22. Nxf5+ Rxf5 23. Bb2 a5 24. Be6 Rf3 25. Bxe5+ Kf8 26. Rxd8+ Ke7 27.
Bd5 Bf8 28. Bc7 Bg7 29. Re1+ Kf6 30. Bxf3 Kf7 31. Rd7+ Kf8 32. Bd6+ Kg8 33. Re8+
Bf8 34. Rxf8# 1-0

[Event "Let's Play Chess!"]
[Site "http://www.queenalice.com/game.php?id=1158918"]
[Date "2013.3.7"]
[Round "-"]
[White "spawnwolfwolverine"]
[Black "Lui87"]
[Result "0-1"]
[WhiteElo "1515"]
[BlackElo "1838"]

1. d4 Nf6 2. e3 e6 3. g3 d5 4. Bg2 Bd6 5. Nf3 O-O 6. O-O c5 7. c3 Nc6 8. a3 b6
9. b4 Ba6 10. Re1 Rc8 11. Bb2 Ne4 12. Nbd2 f5 13. Ne5 Bxe5 14. dxe5 Nxe5 15.
Nxe4 fxe4 16. f4 exf3 17. Bxf3 Nxf3+ 18. Kg2 Nxe1+ 19. Qxe1 Rf1 20. Qxf1 Bxf1+
21. Kxf1 Qf6+ 22. Kg2 Rf8 23. Ra2 Qf1# 0-1

[Event "Let's Play Chess!"]
[Site "http://www.queenalice.com/game.php?id=1158919"]
[Date "2013.3.7"]
[Round "-"]
[White "Ruusgugg"]
[Black "Lui87"]
[Result "0-1"]
[WhiteElo "1277"]
[BlackElo "1838"]

1. d4 Nf6 2. c4 e6 3. e3 d5 4. cxd5 exd5 5. Bb5+ Nc6 6. Ba4 Bd6 7. Nh3 Bg4 8.
Qb3 O-O 9. Qxb7 Nb4 10. Qb5 Qe7 11. O-O Rab8 12. Qa6 Nxa6 13. f3 Bxh3 14. b3 Nb4
15. a3 Nd3 16. gxh3 Nxc1 17. Rxc1 Qxe3+ 18. Kg2 Qe2+ 19. Kg1 Bxh2+ 20. Kh1 Nh5
21. Nc3 Ng3# 0-1

[Event "Let's Play Chess!"]
[Site "http://www.queenalice.com/game.php?id=1158920"]
[Date "2013.3.7"]
[Round "-"]
[White "hamurobi"]
[Black "Lui87"]
[Result "0-1"]
[WhiteElo "1458"]
[BlackElo "1843"]

1. e3 d5 2. Nf3 Nf6 3. d3 Nc6 4. g3 e5 5. Bg2 Bg4 6. h3 Be6 7. Bd2 Bd6 8. Ng5
Bd7 9. e4 d4 10. c3 h6 11. Nf3 O-O 12. Nh4 Be6 13. a3 Qd7 14. c4 Rab8 15. g4 b5
16. Qc1 bxc4 17. Bf1 c3 18. bxc3 Na5 19. Bxh6 Nb3 20. Qg5 Ne8 21. Bxg7 Nxg7 22.
Ra2 Be7 23. Qh6 Bxh4 24. Qxh4 dxc3 25. Nxc3 Qc6 26. Rc2 Nd4 27. Nd5 Rb1+ 28. Kd2
Qxc2+ 29. Ke3 Qc1# 0-1

[Event "Challenge"]
[Site "http://www.queenalice.com/game.php?id=1164674"]
[Date "2013.3.25"]
[Round "-"]
[White "dimitridruloza2012"]
[Black "Lui87"]
[Result "0-1"]
[WhiteElo "1594"]
[BlackElo "1861"]

1. d4 Nf6 2. g3 g6 3. Bg2 Bg7 4. Nf3 d5 5. Nc3 O-O 6. Bg5 Nc6 7. O-O Ne4 8. a4
Nxg5 9. Nxg5 e5 10. Bxd5 Qxg5 11. Ne4 Qf5 12. Ra3 exd4 13. Bxc6 bxc6 14. Nd2 Rb8
15. Nc4 Qd5 16. Nd2 Bh3 17. f3 Bxf1 18. Qxf1 Rxb2 19. c4 dxc3 20. Ne4 Re8 21.
Nxc3 Qc5+ 22. Kg2 Bxc3 23. Rxc3 Rexe2+ 24. Kh1 Rxh2# 0-1

[Event "Let's Play Chess!"]
[Site "http://www.queenalice.com/game.php?id=1269284"]
[Date "2014.3.31"]
[Round "-"]
[White "Eggchaser"]
[Black "Lui87"]
[Result "0-1"]
[WhiteElo "1856"]
[BlackElo "1866"]

1. d4 Nf6 2. Bg5 Ne4 3. Bf4 c5 4. d5 Qb6 5. Bc1 e6 6. f3 Nf6 7. c4 Bd6 8. Nc3
O-O 9. e4 Re8 10. Bd3 exd5 11. cxd5 Be5 12. Nge2 d6 13. Na4 Qc7 14. Qc2 Na6 15.
a3 Bd7 16. O-O b5 17. Nac3 c4 0-1

[Event "Challenge"]
[Site "http://www.queenalice.com/game.php?id=1269571"]
[Date "2014.4.1"]
[Round "-"]
[White "Lui87"]
[Black "jorm"]
[Result "1-0"]
[WhiteElo "1932"]
[BlackElo "1879"]

1. e4 e5 2. Nf3 Nc6 3. Bc4 h6 4. d4 exd4 5. Nxd4 Ne5 6. Bb3 Nf6 7. Nc3 a6 8. f4
Nc6 9. e5 Qe7 10. Nf5 Qd8 11. exf6 Qxf6 12. Qd3 d6 13. Nd5 Qd8 14. O-O Ne7 15.
Nxc7+ Qxc7 16. Nxd6+ Kd8 17. Nxb7+ Ke8 18. Nd6+ Kd8 19. Nxf7+ Ke8 20. Nxh8 Qb6+
21. Be3 Qf6 22. Rad1 Nc6 23. Bf7+ Qxf7 24. Nxf7 Kxf7 25. Qd5+ Be6 26. Qxc6 1-0

[Event "Let's Play Chess!"]
[Site "http://www.queenalice.com/game.php?id=1270382"]
[Date "2014.4.4"]
[Round "-"]
[White "Candida80"]
[Black "Lui87"]
[Result "0-1"]
[WhiteElo "1454"]
[BlackElo "1885"]

1. e3 g6 2. Qf3 Nc6 3. c4 Nf6 4. b3 d6 5. Nc3 Nb4 6. Kd1 Bg4 7. Qxg4 Nxg4 8. Nh3
Bg7 9. Bb2 O-O 10. a3 Nc6 11. Be2 Bxc3 12. Bxc3 Nf6 13. f4 d5 14. f5 Ne4 15. b4
Nxc3+ 16. Ke1 Nxe2 17. Kxe2 dxc4 0-1

[Event "Challenge II"]
[Site "http://www.queenalice.com/game.php?id=1270791"]
[Date "2014.4.6"]
[Round "-"]
[White "hrob"]
[Black "Lui87"]
[Result "1-0"]
[WhiteElo "2055"]
[BlackElo "1895"]

1. e4 c5 2. c3 Nf6 3. e5 Nd5 4. d4 cxd4 5. Nf3 e6 6. cxd4 d6 7. Bd2 Nc6 8. Nc3
Be7 9. Bc4 Nxc3 10. Bxc3 dxe5 11. dxe5 Qxd1+ 12. Rxd1 Bd7 13. O-O Rc8 14. Bb3
1-0

[Event "8Generation"]
[Site "http://www.queenalice.com/game.php?id=1271126"]
[Date "2014.4.8"]
[Round "-"]
[White "Lui87"]
[Black "jruizlac"]
[Result "0-1"]
[WhiteElo "1907"]
[BlackElo "1836"]

1. e4 e5 2. Nf3 Nc6 3. Bb5 a6 4. Ba4 Bc5 5. O-O Nf6 6. Nxe5 b5 7. Nxc6 dxc6 8.
Bb3 O-O 9. Nc3 Bg4 10. Qe1 Nd7 11. h3 Bh5 12. d3 Bb6 13. Ne2 Nc5 14. Nf4 Nxb3
15. axb3 Bg6 16. b4 Qf6 17. e5 Qd8 18. Be3 Re8 19. Nxg6 hxg6 20. d4 Qd5 21. Qd2
f6 22. exf6 gxf6 0-1

[Event "Let's Play Chess!"]
[Site "http://www.queenalice.com/game.php?id=1272516"]
[Date "2014.4.12"]
[Round "-"]
[White "charles31"]
[Black "Lui87"]
[Result "0-1"]
[WhiteElo "1804"]
[BlackElo "1887"]

1. e4 c5 2. Nc3 Nc6 3. Nf3 Nf6 4. d4 cxd4 5. Nxd4 e6 6. Bb5 Bb4 7. Nxc6 bxc6 8.
Bd3 O-O 9. Bd2 Qc7 10. g3 Rb8 11. Na4 Bxd2+ 12. Qxd2 d5 13. exd5 cxd5 14. c3 Bd7
15. b3 Bxa4 16. bxa4 Qe5+ 17. Kd1 Ne4 18. Re1 Nxc3+ 19. Kc2 Ne4 20. Bxe4 Rb2+
21. Kc1 Rc8+ 22. Kd1 dxe4 23. Qe3 Qd5+ 0-1

[Event "Let's Play Chess!"]
[Site "http://www.queenalice.com/game.php?id=1272519"]
[Date "2014.4.12"]
[Round "-"]
[White "Lui87"]
[Black "charles31"]
[Result "1-0"]
[WhiteElo "1900"]
[BlackElo "1791"]

1. e4 e5 2. f4 exf4 3. Nf3 f6 4. Nc3 g5 5. Nxg5 fxg5 6. Qh5+ Ke7 7. Qxg5+ Ke8 8.
Qe5+ Qe7 9. Qxh8 Nf6 10. d3 d6 11. Bxf4 Nc6 12. Bg5 Be6 13. Bxf6 Qf7 14. Be2 Kd7
15. O-O Re8 16. Bd4 Qe7 17. Bh5 Bg7 18. Qxe8+ Qxe8 19. Bxe8+ Kxe8 20. Bxg7 Ne7
21. Nb5 c6 22. Nc7+ Kd7 23. Nxe6 Kxe6 24. Rf6+ Kd7 25. Rh6 1-0

[Event "#SAJ 2"]
[Site "http://www.queenalice.com/game.php?id=1276689"]
[Date "2014.4.28"]
[Round "-"]
[White "Railton"]
[Black "Lui87"]
[Result "1-0"]
[WhiteElo "1762"]
[BlackElo "1930"]

1. b3 e5 2. Bb2 Nc6 3. a3 d5 4. e3 Nf6 5. Be2 Bd6 6. d3 O-O 7. Nd2 Qe7 8. Ngf3
Rd8 9. h3 e4 10. Nd4 Nxd4 11. Bxd4 c5 12. Bb2 Bc7 13. Bxf6 Qxf6 14. Bg4 exd3 15.
Bxc8 dxc2 16. Qxc2 Qxa1+ 17. Nb1 Ba5+ 18. Ke2 Raxc8 19. Rd1 d4 20. exd4 cxd4 21.
Qd3 1-0

[Event "Challenge"]
[Site "http://www.queenalice.com/game.php?id=1277777"]
[Date "2014.5.1"]
[Round "-"]
[White "Kingkila"]
[Black "Lui87"]
[Result "1-0"]
[WhiteElo "1944"]
[BlackElo "1946"]

1. e4 c5 2. Bc4 e6 3. Nc3 a6 4. a4 Nf6 5. e5 d5 6. exf6 dxc4 7. fxg7 Bxg7 8. Qf3
Nc6 9. Nge2 Nb4 10. O-O Nxc2 11. Ra2 O-O 12. Rd1 Qd3 13. Qe4 e5 14. Rf1 f5 15.
Qd5+ Qxd5 16. Nxd5 1-0

[Event "Let's Play Chess!"]
[Site "http://www.queenalice.com/game.php?id=1348509"]
[Date "2015.3.19"]
[Round "-"]
[White "Lui87"]
[Black "josebaron"]
[Result "0-1"]
[WhiteElo "1871"]
[BlackElo "2021"]

1. e4 e5 2. Nf3 Nc6 3. d4 exd4 4. Bc4 Be7 5. c3 dxc3 6. Nxc3 d6 7. Qb3 Be6 8.
Bxe6 fxe6 9. Qxb7 Ne5 10. Nxe5 dxe5 11. Qc6+ Kf7 12. f4 exf4 0-1